[Event "Pohár města Říčany 2018"]
[Site "Městské kulturní středisko U labutě"]
[Date "2019.08.26"]
[Round "4.28"]
[White "Horyna, Josef"]
[Black "Prochazka, Jaroslav"]
[Result "1/2-1/2"]
[WhiteElo "1763"]
[BlackElo "1833"]
[PlyCount "0"]
[EventDate "2019.08.24"]

1. d4 c5 2. dxc5 Qa5+ 3. c3 Qxc5 4. Be3 Qc7 5. g3 Nf6 6. Bg2 Ng4 7. Bc1 d6
8. Nf3 Nc6 9. h3 Nge5 10. Nxe5 Nxe5 11. O-O Bd7 12. a4 Bc6 13. Na3 Bxg2 14. Kxg2
Qc6+ 15. f3 g6 16. e4 Bg7 17. Be3 O-O 18. a5 Rfc8 19. Qd2 b5 20. axb6 axb6
21. Rad1 Ra5 22. Qf2 b5 23. Bb6 Ra6 24. Bd4 Qb7 25. Bxe5 Bxe5 26. Nc2 Ra4
27. Nb4 Rca8 28. Qe3 Bg7 29. h4 h5 30. Kh2 Qd7 31. Rfe1 Qe6 32. Rd5 Rb8 33. Qd3
Rba8 34. Qxb5 Ra1 35. Qe2 Be5 36. Rxa1 Rxa1 37. Rd1 Rxd1 38. Qxd1 Qc4 39. Kg2 e6
40. Qd2 Kg7 41. Nd3 Bf6 42. Nf2 d5 43. exd5 exd5 44. Nd1 d4 45. cxd4 Bxd4
46. Ne3 Qc5 47. Nd1 Qe5 48. b3 Qc5 49. Qd3 Bf6 50. Nf2 Qc1 1/2-1/2

[Event "Pohár města Říčany 2018"]
[Site "Městské kulturní středisko U labutě"]
[Date "2019.08.26"]
[Round "4.29"]
[White "Dome, Michal"]
[Black "Kuhnmund, Ivan"]
[Result "1/2-1/2"]
[WhiteElo "1799"]
[BlackElo "1631"]
[PlyCount "0"]
[EventDate "2019.08.24"]

1. e4 c5 2. Nf3 a6 3. Nc3 b5 4. d4 cxd4 5. Nxd4 e5 6. Nf3 Nc6 7. Bd3 Bb4 8. O-O
Bxc3 9. bxc3 Nf6 10. Re1 O-O 11. Ba3 Re8 12. c4 Qa5 13. Bc1 b4 14. Nd2 d6
15. Bb2 Bg4 16. Be2 Be6 17. h3 Qc5 18. Nb3 Qb6 19. Bd3 a5 20. a4 bxa3 21. Bxa3
a4 22. Nd2 Na5 23. Rb1 Qc7 24. Qe2 Rec8 1/2-1/2

[Event "Pohár města Říčany 2018"]
[Site "Městské kulturní středisko U labutě"]
[Date "2019.08.26"]
[Round "4.30"]
[White "Vit, Zdenek"]
[Black "Stojkovic, Andreja"]
[Result "1/2-1/2"]
[BlackElo "1968"]
[EventDate "2019.08.24"]
[PlyCount "0"]
[WhiteElo "1747"]

1. e4 c5 2. Nf3 Nf6 3. e5 Nd5 4. Nc3 e6 5. Nxd5 exd5 6. d4 d6 7. Bb5+ Nc6 8. O-O
Be7 9. exd6 Qxd6 10. dxc5 Qxc5 11. Bd3 Qd6 12. h3 O-O 13. c3 Bf6 14. Bg5 h6 15.
Bxf6 Qxf6 16. Bc2 Rd8 17. Qd3 g6 18. Qe3 Kg7 19. Rad1 Be6 20. Nd4 Re8 21. Qf3
Rad8 22. Qxf6+ Kxf6 23. Ba4 Rc8 24. Rd2 Red8 25. Rfd1 Ne5 26. Bb3 Nc4 27. Bxc4
Rxc4 28. Nxe6 fxe6 29. Rd3 g5 30. b3 Re4 31. Kf1 Rc8 32. f3 Re5 33. Kf2 Rc5 34.
R1d2 b5 35. a3 a5 36. Re2 Rf5 37. Rde3 Rc6 38. b4 a4 39. Rd2 Rf4 40. Rdd3 h5
41. g3 Rfc4 42. Ke2 h4 43. g4 Rd6 44. Rd4 e5 45. Rd1 Ke6 46. Re1 e4 47. Kf2 Ke5
48. R1e2 Kf4 49. Rd2 Ke5 50. Rde2 Rdc6 51. fxe4 dxe4 52. Rc2 Kf4 53. Ke2 Ra6
54. Rc1 Ke5 55. Rc2 Rac6 56. Kd2 Rd6+ 57. Ke2 Rf6 58. Rc1 Rfc6 59. Rc2 Rf6 60.
Rc1  1/2-1/2

[Event "Pohár města Říčany 2018"]
[Site "Městské kulturní středisko U labutě"]
[Date "2019.08.26"]
[Round "4.31"]
[White "Paulovic, Milan"]
[Black "Dubnicka, Augustin"]
[Result "1/2-1/2"]
[WhiteElo "1788"]
[BlackElo "1734"]
[PlyCount "0"]
[EventDate "2019.08.24"]

1. c4 c5 2. Nc3 Nc6 3. e4 d6 4. d3 g6 5. f4 Bg7 6. Nf3 Bg4 7. Be2 e6 8. O-O
Nge7 9. a3 O-O 10. Qe1 Bxf3 11. Bxf3 Nd4 12. Bd1 a6 13. Ne2 b5 14. Ng3 Rb8
15. Rb1 Qd7 16. Bd2 f5 17. Bc3 Nec6 18. cxb5 axb5 19. Ne2 Rb7 20. Nxd4 Bxd4+
21. Kh1 Kg7 22. Bb3 Rbb8 1/2-1/2

[Event "Pohár města Říčany 2018"]
[Site "Městské kulturní středisko U labutě"]
[Date "2019.08.26"]
[Round "4.32"]
[White "Feierfeil, Jiri"]
[Black "Hampel, Rudolf"]
[Result "0-1"]
[WhiteElo "1671"]
[BlackElo "1660"]
[PlyCount "0"]
[EventDate "2019.08.24"]

1. d4 d5 2. Bf4 e6 3. Nf3 Nf6 4. Nbd2 c5 5. c3 Nc6 6. e3 Be7 7. h3 O-O 8. Bd3
c4 9. Bc2 b5 10. a3 Bb7 11. O-O a5 12. e4 dxe4 13. Nxe4 b4 14. axb4 axb4
15. Nxf6+ Bxf6 16. Qe2 bxc3 17. bxc3 Na5 18. Nd2 Bd5 19. Ne4 Be7 20. Qe3 Ra7
21. Qg3 Kh8 22. Bg5 f5 23. Bxe7 Qxe7 24. Nc5 Nb3 25. Rxa7 Qxa7 26. Qd6 Qf7
27. Rb1 Ra8 28. Nd7 Qg6 29. Qg3 Qxg3 30. fxg3 g6 31. Bxb3 cxb3 32. Nb6 Ra3
33. Nxd5 exd5 34. Rb2 Kg7 35. Kf2 Ra2 0-1

[Event "Pohár města Říčany 2018"]
[Site "Městské kulturní středisko U labutě"]
[Date "2019.08.26"]
[Round "4.33"]
[White "Hadrava, Jaroslav"]
[Black "Konvalinka, Vladislav"]
[Result "0-1"]
[WhiteElo "1937"]
[BlackElo "1657"]
[PlyCount "0"]
[EventDate "2019.08.24"]

1. e4 e6 2. d4 d5 3. Nc3 Bb4 4. a3 Bxc3+ 5. bxc3 dxe4 6. Qg4 Ne7 7. Qxg7 Rg8
8. Qxh7 Bd7 9. Ne2 Bc6 10. Ng3 Qd5 11. Be3 Nd7 12. c4 Qa5+ 13. Bd2 Qb6 14. Bc3
Qa6 15. Nxe4 O-O-O 16. Ng3 Ng6 17. Qh6 Qa4 18. Qc1 Nb6 19. f3 Nxc4 20. Ne4 Bxe4
21. fxe4 Qc6 22. Bxc4 Qxc4 23. Qb2 Nf4 24. Kd1 Ne2 25. Bd2 Rxd4 26. Qb4 Qa6
27. c4 Rxg2 28. Re1 Nf4 29. Ra2 Nd3 30. Qc3 Qxc4 31. Qxc4 Rxc4 32. Re3 Nf2+
33. Ke2 Ng4+ 34. Kf3 Nxe3 35. Kxe3 Rxh2 36. Kd3 b5 37. Ra1 Rh3+ 38. Be3 Ra4
39. Kd2 Rxe4 40. Bxa7 Ra4 41. Bc5 Rg4 42. Rf1 Rg2+ 43. Kd1 Rb3 44. Bf2 Rb1+
45. Ke2 Rxf1 46. Kxf1 Rxf2+ 47. Kxf2 Kd7 0-1